| 000 | 00903nam a2200193 i 4500 | ||
|---|---|---|---|
| 001 | 166773 | ||
| 003 | ES-MaACL | ||
| 005 | 20230906213411.0 | ||
| 008 | 050921s1903 sp ao |||| | spa d | ||
| 100 | 1 |
_aUlecia y Cardona, Rafael ( _d1850-1912) _9111917 |
|
| 245 | 1 | 4 |
_aLos consultorios de niños de pecho ("gotas de leche") : _bimpresiones de viajes / _cpor Rafael Ulecia y Cardona. |
| 260 |
_aMadrid : _bImp. y Librería de Nicolás Moya, _c1903. |
||
| 300 |
_aVIII, 131 p., [3] h. de fot. : _bil. ; _c22 cm. |
||
| 597 | _aPort. a dos tintas. | ||
| 599 | _aFotografías: retratos de la reina María Cristina y de los fundadores de las consultorios de niños de pecho: Dolores de Chávarri de Lizana y José María de Lizana y la Hormaza, marqueses de Casa Torre. | ||
| 650 | 4 |
_aLactantes- _xAsistencia sanitaria- _zEspaña. _9166011 |
|
| 852 | 4 |
_aES-MaACL _jD-1166 |
|
| 852 | 4 |
_aES-MaACL _jT-1045-F-14 |
|
| 999 |
_c166773 _d166773 |
||